| 000 | 00418nam a2200145 4500 | ||
|---|---|---|---|
| 001 | 122349 | ||
| 003 | ES-MaACL | ||
| 007 | t| | ||
| 008 | 070214s1956 sp r ||||1| spa d | ||
| 100 | 1 |
_aPoveda, Eugenio Benito. _993482 |
|
| 245 | 1 | 0 |
_aMemorias del comisario Poveda / _cEugenio Benito Poveda. |
| 260 |
_aMadrid : _b[s.n.], _c1956 ( _fGráf. F. Martínez) |
||
| 300 |
_a307 p. ; _c19 cm. |
||
| 852 |
_aES-MaACL _jE-3666 |
||
| 999 |
_c122349 _d122349 |
||